| 000 | 00421nam a2200169Ia 4500 | ||
|---|---|---|---|
| 008 | 170705s9999 xx 000 0 und d | ||
| 020 | _a9780545349437 | ||
| 245 | _aThis tree counts! / | ||
| 245 | _cby Alison Formento ; illustrated by Sarah Snow. | ||
| 260 | _aNew York : | ||
| 260 | _bScholastic, | ||
| 260 | _c2010 | ||
| 300 | _aunpaged : | ||
| 300 | _bcolor illustration ; | ||
| 300 | _c21cm. | ||
| 500 | _a480 | ||
| 999 |
_c337155 _d337155 |
||